Statistics for Batman - Top 15 most famous Villains

Click here to take the quiz!

General Stats

  • This quiz has been taken 333 times
    (313 since last reset)
  • The average score is 13 of 15

Answer Stats

#HintVillain% Correct
01.A psycho-clownThe Joker
100%
04.Catlover/Batman's partnerCatwoman
99%
05.Makes quizzes for BatmanRiddler
98%
06.Two different sidesTwo-Face
98%
07.Crazy love-interest of clownHarley Quinn
97%
11.Biochemist/Nature loverPoison Ivy
97%
02.Small/Loves non-flying birdThe Penguin
96%
09.Crocodile look-alikeKiller Croc
93%
10.Psychiatrist that uses fearScarecrow
93%
03.Strong; can't talk properlyBane
92%
13.Sniper who never missesDeadshot
89%
14.Is made out of clayClayface
87%
08.League of Assassins leaderRa's al Ghul
82%
12.Arrow season 2 villainDeathstroke
62%
15.Used to be RobinJason Todd
45%

Score Distribution

Percentile by Number Answered

Percent of People with Each Score

Your Score History

You have not taken this quiz since the last reset